Motel Šibenice v Žiline

Bibliographic Details
Main Author: Hejtmánek, Evžen, 1929-1994 (Author)
Format: Article
Language:Slovak
PhysicalDescription:Fot. 5.
Subjects:

MARC

LEADER 00000nab a2200000 a 4500
001 vtls000249078
003 SK-MaSNL
005 20260302211233.0
008 140301c1986 xo 0 slo
015 |a SNBRB19rr/mm-uuuuu 
035 |a CL0259192 
040 |a SNKBUCL  |b slo  |c SNKBUCL  |e AACR2 
041 0 |a slo 
044 |a xo  |c SK 
080 |a 728.536(437.658-21)  |2 1981 
100 1 |a Hejtmánek, Evžen,  |d 1929-1994  |4 aut  |9 38084 
245 1 0 |a Motel Šibenice v Žiline  |c E. Hejtmánek 
300 |b Fot. 5. 
650 0 7 |a Šibenice (motel)  |2 snkbucl  |9 934987 
651 7 |a Žilina (Slovensko)  |2 snkbucl  |9 28812 
655 7 |a články z novín a časopisov  |2 snkbucl  |9 267496 
773 0 |t Projekt  |g Roč. 28, č. 1 (1986), s. 12-13 
850 |a Slovenská národná knižnica v Martine  |a MTA001 
852 |a SNK  |b KIS3GCP 
957 |a 5313 
958 |a RK 
992 |a RBX 
999 |c 1485182  |d 1487112